Normal view
MARC view
- Auslander, D. M. & Kempf, C. J
Entry Personal Name
001 - CONTROL NUMBER
- control field: 84731
003 - CONTROL NUMBER IDENTIFIER
- control field: NUST
005 - DATE AND TIME OF LATEST TRANSACTION
- control field: 20211119162629.0
008 - FIXED-LENGTH DATA ELEMENTS
- fixed length control field: 211119|| aca||aabn | a|a d
040 ## - CATALOGING SOURCE
- Original cataloging agency: NUST
- Transcribing agency: NUST
100 ## - HEADING--PERSONAL NAME
- Personal name: Auslander, D. M. & Kempf, C. J
670 ## - SOURCE DATA FOUND
- Source citation: Work cat.: (NUST)540501: Auslander, D. M. & Kempf, C. J., Mechatronics :, 2016.
